1902 1225 1337 1309 1353 1271 1630 1806 1052 1800 1363 1208 1868 1364 1723 1067 1059 1096 1203 1397 1765 1079 1009 1414 1244 1010 1645 1746 1897 1286 1505 1245 1647 1962 1748 1406 1026 1907 1372 1097 1535 1223 1326 1692 1078 1844 1332 1147 1431 1829 1467 1691 1720 1529 1920 1708 1735 1635 1900 1285 1305 1561 1217 1617 1816 1827 1679 1776 1116 1490 1932 1491 1129 1728 1452 1006 1141 1395 1274 1005 1456 1373 1350 1534 1454 1502 1222 1052 1118 1380 1793 1327 1953 1291 1734 1317 1130 1325 1839 BCNSPRNW ULIB Ver.6.0+V

เปลี่ยนเป็นภาษาไทย

Change to English
 แสดงรายละเอียดบรรณานุกรม
  กลับหน้าหลัก

Brief Record : Get Marc (ISO 2709) : E-mail record : QR code < ปิดหน้าต่าง
LEADER : 00000nam 2200000uu 4500
001    13399113096
003     ULIB
008    110926s2552||||th 000 0 tha d
020    9746252755
050 04 PL4158^bน625ห 2552
100 0  นิภาพรรณ ศรีพงษ์
245 10 หลักภาษาไทย /^cนิภาพรรณ ศรีพงษ์
260    นครราชสีมา :^bมหาวิทยาลัยเทคโนโลยีราชมงคลอีสาน นครราชสีมา,^c2552
300    183 หน้า
650    หลักภาษาไทย
945    ^p0^l0^i026596
945    ^p0^l0^i026597
995    ทศพร
999 ^a ทศพร
รายการนี้ยังไม่มีแท็ก
คุณยังไม่ได้ล็อกอิน คุณสามารถมีกิจกรรมร่วมกับเว็บไซต์ได้ แต่ต้องล็อกอินก่อน ::
  ล็อกอิน

รายการสื่อสารสนเทศ

ลำดับที่ ประเภท เลขเรียก/บาร์โค้ด สถานที่ สถานะ
- ไม่พบข้อมูล -

รายการใกล้เคียง
    ผู้แต่ง [นิภาพรรณ ศรีพงษ์]

    หัวเรื่อง [หลักภาษาไทย]

BibComment


ยังไม่เคยถูกคอมเมนท์

คอมเมนท์ทรัพยากรรายการนี้
  คอมเมนท์: หลักภาษาไทย นิภา..


 Copyright 2026. Bcnsprnw @Library